000 00443nam a22001577a 4500
005 20251108164737.0
008 250721s1991 xx 000 0 ara d
082 1 4 _a810.9/محم
100 1 _aعناني، محمد
245 1 0 _aالأدب و الفنون /
264 1 _aالقاهرة :
_bالهيئة المصرية العامة،
_c1991.
300 _a151 ص
650 1 7 _aالأدب العربي
942 _2ddc
_cBK
999 _c13298
_d13298